Países mais populosos de A-Z - Statistics

Estatísticas Gerais
  • Esse quiz foi jogado 81 vezes
  • A pontuação média é 19 de 23
Estatísticas das Respostas
Letra População País % Correto
C 1407,9 mi China
99%
B 214,2 mi Brasil
97%
I 1417,4 mi Índia
96%
A 83,7 mi Alemanha
94%
D 5,7 mi Dinamarca
94%
E 342,1 mi Estados Unidos
94%
J 124,1 mi Japão
91%
O 5,1 mi Omã
90%
Z 18,3 mi Zâmbia
87%
Q 53,7 mi Quênia
85%
P 256,2 mi Paquistão
82%
R 146,0 mi Rússia
82%
K 4,2 mi Kuwait
79%
V 97,3 mi Vietnã
79%
T 84,3 mi Turquia
78%
N 236,2 mi Nigéria
75%
F 109,5 mi Filipinas
74%
U 45,7 mi Uganda
74%
H 11,4 mi Haiti
69%
M 131,0 mi México
69%
L 7,2 mi Laos
68%
G 31,0 mi Gana
66%
S 43,8 mi Sudão
53%
Nenhum quiz correspondente encontrado
Distribuição das Pontuações
Porcentagem de Pessoas com Cada Pontuação
Percentil de Números Respondidos
Sua Pontuação Histórica
Você não jogou esse quiz